[Event "KGZ Olimp U16 qual"]
[Site "Bishkek"]
[Date "2019.09.09"]
[Round "8"]
[White "Monoshov, Ulukbek"]
[Black "Lee, Dariya"]
[Result "0-1"]
[WhiteElo "1418"]
[BlackElo "1451"]
[PlyCount "64"]
[EventDate "2019.09.05"]
[EventType "swiss"]
[EventRounds "9"]
[EventCountry "KGZ"]
[SourceTitle "CBM 195 Extra"]
[Source "ChessBase"]
[SourceDate "2020.05.31"]
[SourceVersion "1"]
[SourceVersionDate "2020.05.31"]
[SourceQuality "1"]

1. d4 d5 2. c4 e6 3. Nc3 Nf6 4. Nf3 Nbd7 5. Bg5 c6 6. e3 Qa5 7. Nd2 Bb4 8. Qc2 0-0 9. a3 dxc4 10. Bxf6 Nxf6 11. Nxc4 Bxc3+ 12. bxc3 Qg5 13. h4 Qd5 14. Ne5 c5 15. f3 cxd4 16. exd4 Bd7 17. Bd3 Rac8 18. Kf2 Bb5 19. Bxb5 Qxb5 20. Rhb1 Qd5 21. Qb3 b6 22. Qxd5 Nxd5 23. c4 Ne7 24. c5 bxc5 25. Rb7 Nf5 26. Nd7 Rfd8 27. dxc5 a5 28. Rc1 Nd4 29. Ke3 Nc6 30. Nb6 Rb8 31. Rc7 Ne5 32. f4 Ng4+ 0-1

[Event "KGZ Olimp U16 qual"]
[Site "Bishkek"]
[Date "2019.09.05"]
[Round "2"]
[White "Monoshov, Ulukbek"]
[Black "Rahatbekov, Tilegen"]
[Result "1/2-1/2"]
[WhiteElo "1418"]
[BlackElo "1330"]
[PlyCount "86"]
[EventDate "2019.09.05"]
[EventType "swiss"]
[EventRounds "9"]
[EventCountry "KGZ"]
[SourceTitle "CBM 195 Extra"]
[Source "ChessBase"]
[SourceDate "2020.05.31"]
[SourceVersion "1"]
[SourceVersionDate "2020.05.31"]
[SourceQuality "1"]

1. d4 Nf6 2. c4 e6 3. Nf3 b6 4. g3 Bb7 5. Bg2 Bb4+ 6. Bd2 Be7 7. Nc3 c5 8. dxc5 Bxc5 9. 0-0 0-0 10. Bf4 Nc6 11. Bd6 Bxd6 12. Qxd6 Ne8 13. Qd2 Ne7 14. e4 f5 15. exf5 Nxf5 16. Rad1 Nf6 17. Ne5 Bxg2 18. Kxg2 Qc7 19. Nxd7 Nxd7 20. Qxd7 Qxc4 21. Rfe1 Rae8 22. Re4 Qc5 23. Rd2 Re7 24. Qd3 Ref7 25. Rc4 Qe7 26. Ne4 Qb7 27. Kg1 h6 28. Nd6 Nxd6 29. Qxd6 Qa6 30. Qxe6 Qxa2 31. Rd7 Qb1+ 32. Kg2 Qf5 33. Qxf5 Rxf5 34. f4 R8f7 35. Rxf7 Rxf7 36. Kf3 Rd7 37. Ke3 Kf7 38. b4 Kf6 39. Ke4 Re7+ 40. Kf3 Rd7 41. Ke4 Re7+ 42. Kf3 Rd7 43. Ke4 Re7+ 1/2-1/2